00368nam a2200121Ia 45000010005000000080041000050820017000461000048000632450064001112600028001759010028002039990015002312786241024s9999 xx 000 0 und d aRD/378/UN58l aUniversidad Autonoma de Santo Domingo, UASD 0aLibros de Graduandos. 474 Aniversarios (28 de octubre 2012) bEd. Universitariac2012 a28/1/2013 12:54:49 p.m. c8318d8318